Ricostruisci la Carriera del Calciatore - Federico Fazio - Statistics

Statistiche generali
  • Questo quiz è stato fatto 10 volte
  • Il punteggio medio è 4 su 7
Statistiche sulle risposte
Hint Risposta % Corretto
2005-2007 Ferro Carril Oeste
86%
2016-2022 Roma
71%
2022- Salernitana
71%
2007-2008 Siviglia Atlético
71%
2007-2014 Siviglia
57%
2014-2016 Tottenham
57%
2016 Siviglia
29%
Nessun quiz corrispondente trovato
Distribuzione punteggi
Percentuale di utenti per punteggio
Percentile per numero di risposta
I tuoi punteggi nel tempo
Non hai fatto questo quiz